000 00306nam a2200133Ia 4500
005 20251222155045.0
008 251222s9999||||xx |||||||||||||| ||spa||
082 _aBIO.09
100 _aREINHARD, Ernest
245 0 _aBiologĂ­a Farmaceutica
250 _ano ed.
264 _bManuel company
942 _cLIB
999 _c37049
_d37049